PEER TO PEER LEADERSHIP WHY THE NETWORK (Record no. 29128)
[ view plain ]
| 000 -LEADER | |
|---|---|
| fixed length control field | 00366nam a2200133Ia 4500 |
| 008 - FIXED-LENGTH DATA ELEMENTS--GENERAL INFORMATION | |
| fixed length control field | 240624s9999 xx 000 0 und d |
| 041 ## - LANGUAGE CODE | |
| Language code of text/sound track or separate title | eng |
| 082 ## - DEWEY DECIMAL CLASSIFICATION NUMBER | |
| Classification number | 658.4092 BAK |
| 100 ## - MAIN ENTRY--PERSONAL NAME | |
| Personal name | BAKER MILA N |
| 245 ## - TITLE STATEMENT | |
| Title | PEER TO PEER LEADERSHIP WHY THE NETWORK |
| 260 ## - PUBLICATION, DISTRIBUTION, ETC. | |
| Date of publication, distribution, etc. | 2014 |
| Place of publication, distribution, etc. | San Francisco |
| Name of publisher, distributor, etc. | Berrett-Koehler Publishers |
| 300 ## - PHYSICAL DESCRIPTION | |
| Extent | xxiii, 170 p.; 23 cm. |
| 365 ## - TRADE PRICE | |
| Currency code | |
| Price amount | 38 |
| Withdrawn status | Lost status | Damaged status | Not for loan | Home library | Current library | Shelving location | Date acquired | Cost, normal purchase price | Full call number | Barcode | Date last seen | Copy number | Price effective from | Koha item type |
|---|---|---|---|---|---|---|---|---|---|---|---|---|---|---|
| IMTN | IMTN | Rack 30-B | 08/21/2017 | 24.95 | 658.4092 BAK | 29128 | 06/24/2024 | 66.7 | 06/24/2024 | Books |